Mostly winelows with just enough dos
| Main Author: | |
|---|---|
| Format: | Book |
| Published: |
Berkeley :
Osborne McGraw-Hill ,
1994
|
| Subjects: |
MARC
| LEADER | 00000cam a2200000 7i4500 | ||
|---|---|---|---|
| 001 | 0000003086 | ||
| 002 | 000003339 | ||
| 005 | 20000330.0 | ||
| 020 | |a 0078819768 | ||
| 090 | 0 | 0 | |a 005.44 |b SCH |
| 100 | 1 | |a Schildt, Herbert | |
| 245 | 1 | 0 | |a Mostly winelows with just enough dos |c Herbert Schildt |
| 260 | |a Berkeley : |b Osborne McGraw-Hill , |c 1994 | ||
| 300 | |a 421p. ; |c 23cm. | ||
| 650 | 0 | 0 | |a Windows |
| 999 | |a 036643 |b BUKU |c PINJAMAN |e PERPUSTAKAAN KOMUNITI PETALING JAYA | ||
| 999 | |a 036644 |b BUKU |c PINJAMAN |e PERPUSTAKAAN KOMUNITI PETALING JAYA | ||